000 01558nam a2200397 4500
001
003 DO-SdBNP
005 20240321115104.0
008 160127s2012 mx spa
015 _a
017 _a
_b
020 _a9789681669980
035 _a
040 _aBPMSU
_bspa
_cBPMSU
_e
082 4 _a923.1972
_bR238c 2012
_222
084 _a
_2
100 1 _aRatz, Konrad,
_d1931-
_eautor
_4
245 1 0 _aCorrespondencia inédita entre Maximiliano y Carlota /
_cKonrad Ratz ; traducción Elsa Cecilia Frost.
_b
260 _aMéxico :
_bFondo de Cultura Econonómica,
_c2012
300 _a367 p. ;
_c23 cm.
_b
_e
490 0 _aSección de obras de historia
500 _a Incluye referencias bibliográficas y notas al pie de las páginas
500 _aGlosario : p. 347-349.
500 _aIncluye bibliografía e índice.
504 _a
520 _a
534 _pTítulo original.
_tVor sehnsucht nach dir vergehend. Der private briefwechsel zwischen Maximilian Von mexiko un seiner frau Charlotte.
590 _aInventariado, 2024/VM
600 1 4 _aMaximiliano,
_cEmperador de México,
_d1832-1867
_xCorrrespondencia, memorias, etc.
_v
600 1 4 _aHabsburgo-Lorena, Fernando Maximiliano José María de,
_cEmperador de México,
_d1832-1867
_xCorrespondencia, memorias, etc.
650 4 _aVida cotidiana
_zMéxico
_ySiglo XVIII.
_v
700 1 _aFrost, Elsa Cecilia,
_d1929-2005,
_etr.
710 2 _aFondo de Cultura Económica (México)
910 _aVMateo V. Control de calidad. BPMSU
942 _2ddc
_cBK
999 _c14610
_d14610